2022 NCAA Tournament Teams Logos - Statistics

General Stats
  • This quiz has been taken 292 times
  • The average score is 54 of 67
Answer Stats
Picture Answer % Correct
Duke
98%
North Carolina
98%
Ohio St
98%
Michigan
97%
Texas
97%
Texas Tech
97%
UCLA
97%
Arkansas
96%
Baylor
96%
Iowa St
96%
Miami
96%
Purdue
96%
Tennessee
96%
Wisconsin
96%
Alabama
95%
Arizona
95%
Auburn
95%
Houston
95%
Illinois
95%
LSU
95%
Memphis
95%
Notre Dame
95%
Villanova
95%
Kentucky
94%
Kansas
93%
TCU
93%
USC
92%
Iowa
91%
Saint Peters
91%
Virginia Tech
91%
Indiana
90%
Marquette
89%
Yale
88%
Rutgers
87%
Murray St
85%
San Diego St
85%
Colgate
84%
Gonzaga
84%
Davidson
81%
Boise St
80%
Creighton
80%
Georgia St
80%
Michigan St
80%
Providence
80%
Saint Marys
80%
Bryant
76%
Richmond
76%
Vermont
75%
UCONN
74%
San Francisco
73%
Loyola Chicago
72%
Akron
70%
Colorado St
70%
Wyoming
68%
Delaware
66%
Wright St
65%
Chattanooga
60%
Jacksonville St
59%
New Mexico St
57%
Norfolk St
57%
UAB
53%
Seton Hall
49%
Texas Southern
46%
South Dakota St
40%
Longwood
27%
Cal St Fullerton
18%
Montana St
18%
No matching quizzes found
Score Distribution
Percent of People with Each Score
Percentile by Number Answered
Your Score History
You have not taken this quiz